000 01499nim a2200349 i 4500
001 197237
003 ES-MaACL
005 20250828062605.0
007 ss lsnjlcipnne
008 250424s1990 sp nnnn |||| 00| spa d
040 _bspa
_cES-MaACL
100 _9240381
_aHernández Sánchez, Mario
_eaut
245 0 0 _aFederico García Lorca, Jornadas sobre los poetas de la generación del 27
_h[Grabación sonora] :
_bconferencia /
_cpor Mario Hernández.
260 _aMadrid :
_bAteneo de Madrid,
_c1990.
300 _a1 casete (ca. 90 min) :
_bson. ;
_c11 cm.
490 1 _3Actos culturales en el Ateneo de Madrid
518 _aGrabado el 28 de noviembre de 1990 en el Salón de Actos del Ateneo de Madrid.
520 _aConferencia sobre Federico García Lorca integrada dentro de las Jornadas sobre los poetas de la generación del 27.
540 _aDocumento inédito
594 _5Datos basados en la invitación.
600 1 4 _954857
_aGarcía Lorca, Federico,
_d1898-1936-
_xCrítica e interpretación
610 2 0 _aAteneo de Madrid-
_xActos culturales-
_y1990-
_vGrabaciones sonoras
_9240083
653 _aArchivo de la palabra
655 0 _aConferencias
_9234444
710 2 _aAteneo de Madrid
_ehis
_91875
710 2 _aAsociación de Profesores de Español
_eclb
_9144345
830 0 _aActos culturales en el Ateneo de Madrid
_9240237
852 _aES-MaACL
_cDEPOZ
_9205423
942 _2udc
_n0
_cCINTASAUD
999 _c197237
_d197237